South America Quiz - Whammies - Statistics

General Stats
  • This quiz has been taken 29 times
  • The average score is 10 of 12
Answers on the Map
Answers color-coded by a green-red scale on the quiz's map according to % correct below.
 
Answer Stats
Answer % Correct
Colombia
91%
Argentina
87%
Bolivia
83%
Chile
83%
Ecuador
83%
Uraguay
83%
Venezuela
83%
Brazil
78%
Peru
78%
Paraguay
74%
Suriname
74%
Guyana
70%
No matching quizzes found
Score Distribution
Percent of People with Each Score
Percentile by Number Answered
Your Score History
You have not taken this quiz